| 000 | 00428nab a2200145Ia 4500 | ||
|---|---|---|---|
| 003 | ES-SlBCS | ||
| 005 | 20210601124311.0 | ||
| 008 | 140529s1981 xxu||||| |||| 00| 0 eng d | ||
| 041 | _aeng | ||
| 100 | 1 |
_aSharp, Ann Margaret _950234 |
|
| 245 | 0 | 0 |
_aChildren's Intellectual Liberation _c Ann Margaret Sharp |
| 650 | 0 | 4 |
_aNiños _9113674 |
| 773 | 0 |
_tEducational Theory _gvol. 31, nº. 2, 1981, págs. 197-214 _wRev1399 |
|
| 942 | _cAR | ||
| 999 |
_c512555 _d512555 |
||